| 000 | 00567nam a22002177a 4500 | ||
|---|---|---|---|
| 999 |
_c18427 _d18427 |
||
| 001 | 3583645 | ||
| 003 | OSt | ||
| 005 | 20200310150216.0 | ||
| 008 | 160729b xxu||||| |||| 00| 0 eng d | ||
| 010 | _a 57010280 | ||
| 040 |
_aMMU _cMMU _dMMU _beng |
||
| 050 | 0 | 0 |
_aPZ7.K255 _b1957 |
| 245 | 1 | 0 |
_aRifles for Watie/ _cKeith, Harold, |
| 260 |
_aNew York: _bCrowell, _c1957. |
||
| 300 |
_a332 p.; _billus. _c21 cm. |
||
| 600 | 1 | 0 |
_a; _d; _x; |
| 650 | _aUnited States | ||
| 651 | 0 |
_x; _y; _x; |
|
| 906 |
_a7 _bcbc _corignew _du _eocip _f19 _gy-gencatlg |
||
| 942 |
_2lcc _cLOAN LOAN |
||